000 00622nam a2200217 a 4500
008
020 _a9780756660161 (pbk.)
049 _aMAIN
090 _aSB435.5
_bCOO
100 1 _aCoombes, Allen J.
245 1 0 _aTrees :
_bSmithsonian handbooks /
_cAllen J. Coombes.
260 _aNew York :
_bcovent garden books,
_c1981.
300 _a320 p. :
_bill. ;
_c23 cm.
500 _aIncludes index.
650 _aShrubs and Ornamental trees.
907 _a.b10369934
_b18-02-16
_c18-02-16
003
005 20230123122208.0
040 _cNUST
942 _cBOOKS
_kSB435.5
_mCOO
999 _c129466
_d129466